[Event "DVM U20 2003"]
[Site "Ditzingen GER"]
[Date "2003.12.29"]
[Round "6"]
[White "Colpe, Helge"]
[Black "Butzke, Daniel"]
[Result "1-0"]
[Termination "normal"]
[Board "2.4"]
[WhiteElo "2092"]
[BlackElo "1965"]
[WhiteTeam "Hamburger SK von 1830"]
[BlackTeam "SK König Plauen"]
[PlyCount "67"]
[WhiteFideId "4685644"]
[BlackFideId "4690028"]
[EventCountry "GER"]
[EventRounds "7"]
[EventType "team-swiss"]
[EventDate "2003.12.26"]

1. d4 Nf6 2. Nf3 g6 3. c4 Bg7 4. Nc3 O-O 5. e4 d6 6. Be2 e5 7. O-O Nc6 8. d5
Ne7 9. b4 Nd7 10. Nd2 f5 11. f3 f4 12. Ba3 a5 13. Nb3 axb4 14. Bxb4 b6 15. a4
Nc5 16. a5 Bd7 17. Nb5 h5 18. axb6 Bxb5 19. bxc7 Qxc7 20. Rxa8 Rxa8 21. cxb5
Qb6 22. Kh1 Nc8 23. Qc2 Nxb3 24. Qxb3 Na7 25. Be1 Bf8 26. Bf2 Qb7 27. b6 Nc8
28. Rb1 Be7 29. Bb5 Rb8 30. Bc6 Qa6 31. b7 Na7 32. Qb6 Qa2 33. Qb2 Qa6 34. Ra1
1-0

[Event "DVM U20 2003"]
[Site "Ditzingen GER"]
[Date "2003.12.29"]
[Round "6"]
[White "Hörr, Christian"]
[Black "Stellwagen, Robin"]
[Result "1-0"]
[Termination "normal"]
[Board "2.5"]
[WhiteElo "1779"]
[BlackElo "2054"]
[WhiteTeam "SK König Plauen"]
[BlackTeam "Hamburger SK von 1830"]
[PlyCount "77"]
[BlackFideId "24601918"]
[EventCountry "GER"]
[EventRounds "7"]
[EventType "team-swiss"]
[EventDate "2003.12.26"]

1. e4 c5 2. Nc3 Nc6 3. g3 g6 4. Bg2 Bg7 5. d3 d6 6. f4 Nf6 7. Nf3 O-O 8. O-O
Rb8 9. h3 b5 10. Be3 Bd7 11. Qd2 b4 12. Ne2 a5 13. g4 c4 14. g5 Ne8 15. d4 Na7
16. Nh4 Qc8 17. f5 Nb5 18. c3 d5 19. exd5 gxf5 20. Nf4 Nbd6 21. Kh2 bxc3 22.
bxc3 Qb7 23. Rf2 Ne4 24. Bxe4 fxe4 25. Rg1 a4 26. Rfg2 a3 27. Qe1 Qc8 28. Bc1
Bf5 29. Bxa3 Nd6 30. Qe3 Bg6 31. Nhxg6 hxg6 32. Bxd6 exd6 33. Qxe4 Re8 34. Qc2
Qa6 35. h4 Qa3 36. Qc1 Qa5 37. h5 gxh5 38. Nxh5 Qxd5 39. Nf6+ 1-0

[Event "DVM U20 2003"]
[Site "Ditzingen GER"]
[Date "2003.12.29"]
[Round "6"]
[White "Möller, Hendrik"]
[Black "Franz, Tobias"]
[Result "1-0"]
[Termination "normal"]
[Board "2.6"]
[WhiteElo "2105"]
[BlackElo "1714"]
[WhiteTeam "Hamburger SK von 1830"]
[BlackTeam "SK König Plauen"]
[PlyCount "77"]
[WhiteFideId "24604917"]
[EventCountry "GER"]
[EventRounds "7"]
[EventType "team-swiss"]
[EventDate "2003.12.26"]

1. e4 e5 2. Nf3 Nc6 3. Bb5 a6 4. Bxc6 bxc6 5. d4 exd4 6. Qxd4 Nf6 7. Bg5 Be7 8.
O-O O-O 9. c4 d6 10. h3 Bb7 11. Nc3 Re8 12. Rfe1 Nd7 13. Bxe7 Qxe7 14. Rad1
Rad8 15. b3 Nc5 16. Qe3 Ne6 17. Nd4 Nxd4 18. Rxd4 Qf6 19. c5 Re7 20. Red1 Qe5
21. R4d3 Red7 22. f4 Qe7 23. b4 Re8 24. Qd2 Red8 25. e5 d5 26. Ne2 Qe6 27. Nd4
Qe7 28. e6 fxe6 29. Re1 Qf7 30. Rxe6 Re8 31. f5 Rde7 32. Rg3 Kh8 33. Qg5 Rxe6
34. fxe6 Qf8 35. Rf3 Qg8 36. Rf7 Bc8 37. Qf4 Bxe6 38. Nxe6 Rxe6 39. Rf8 1-0

[Event "DVM U20 2003"]
[Site "Ditzingen GER"]
[Date "2003.12.29"]
[Round "6"]
[White "Korotkevych, Stanislav"]
[Black "Hellwig, Tobias"]
[Result "1-0"]
[Termination "normal"]
[Board "3.1"]
[WhiteElo "2320"]
[BlackElo "2054"]
[WhiteTeam "SG Porz"]
[BlackTeam "SF Hettstedt"]
[PlyCount "103"]
[WhiteFideId "14107309"]
[BlackFideId "4695429"]
[EventCountry "GER"]
[EventRounds "7"]
[EventType "team-swiss"]
[EventDate "2003.12.26"]

1. d4 Nf6 2. c4 g6 3. Nc3 Bg7 4. e4 d6 5. Nf3 O-O 6. Be2 Nbd7 7. O-O e5 8. d5
a5 9. Be3 b6 10. Nd2 Ne8 11. a3 f5 12. f3 Nef6 13. b4 Qe7 14. Nb5 Nb8 15. c5
bxc5 16. bxc5 dxc5 17. Rc1 Na6 18. Qa4 fxe4 19. fxe4 Bg4 20. Bc4 Kh8 21. Qxa5
Bd7 22. Kh1 Bxb5 23. Qxb5 Rfb8 24. Qc6 Qd6 25. Rb1 Rc8 26. Rb6 Nb8 27. Qxd6
cxd6 28. Rxd6 Ng4 29. Bxc5 Bh6 30. Bb4 Bxd2 31. Bxd2 Rxc4 32. h3 Na6 33. hxg4
Nc5 34. Bh6 Nxe4 35. Ra6 Ng3+ 36. Kg1 Ne2+ 37. Kh2 Rb8 38. Rf2 Rxg4 39. Rxe2
Rh4+ 40. Kg3 Rxh6 41. Rxe5 Rh1 42. Ra7 Rd1 43. Ree7 Rxd5 44. Rxh7+ Kg8 45.
Rhg7+ Kf8 46. Rxg6 Rd3+ 47. Kh4 Re8 48. Rgg7 Rd4+ 49. g4 Re1 50. Rgd7 Rxd7 51.
Rxd7 Rg1 52. Rd4 1-0

[Event "DVM U20 2003"]
[Site "Ditzingen GER"]
[Date "2003.12.29"]
[Round "6"]
[White "Wilke, Matthias"]
[Black "Balcerak, Philipp"]
[Result "1/2-1/2"]
[Termination "normal"]
[Board "3.2"]
[WhiteElo "2033"]
[BlackElo "2188"]
[WhiteTeam "SF Hettstedt"]
[BlackTeam "SG Porz"]
[PlyCount "64"]
[BlackFideId "4655036"]
[EventCountry "GER"]
[EventRounds "7"]
[EventType "team-swiss"]
[EventDate "2003.12.26"]

1. e4 c5 2. Nf3 d6 3. Bb5+ Nc6 4. O-O Bd7 5. Re1 a6 6. Bf1 Nf6 7. c3 Bg4 8. d3
e6 9. Bg5 Be7 10. Nbd2 Bh5 11. h3 Nd7 12. Bf4 e5 13. Bh2 Bxf3 14. Nxf3 Bf6 15.
d4 O-O 16. dxc5 Nxc5 17. b4 Ne6 18. Qb3 Qc7 19. a4 Rac8 20. Red1 a5 21. Bb5
axb4 22. Bxc6 Qxc6 23. cxb4 Qxe4 24. Rxd6 Nd4 25. Nxd4 exd4 26. Qd5 Qe2 27. Qf3
Qb2 28. Qd1 Qxb4 29. Rb1 Qa3 30. Rdb6 Rc4 31. Bd6 Qxa4 32. Bxf8 Qxd1+ 1/2-1/2

[Event "DVM U20 2003"]
[Site "Ditzingen GER"]
[Date "2003.12.29"]
[Round "6"]
[White "Thalwitzer, David"]
[Black "Schalk, Martin"]
[Result "1/2-1/2"]
[Termination "normal"]
[Board "3.3"]
[WhiteElo "2128"]
[BlackElo "1982"]
[WhiteTeam "SG Porz"]
[BlackTeam "SF Hettstedt"]
[PlyCount "103"]
[WhiteFideId "4663233"]
[EventCountry "GER"]
[EventRounds "7"]
[EventType "team-swiss"]
[EventDate "2003.12.26"]

1. e4 c5 2. c3 d5 3. exd5 Qxd5 4. d4 e6 5. Nf3 Nf6 6. Bd3 Nc6 7. O-O cxd4 8.
cxd4 Be7 9. Nc3 Qd6 10. Be3 O-O 11. a3 a6 12. Qe2 b5 13. Rac1 Bb7 14. b4 Rfd8
15. Rfd1 Rac8 16. Ne4 Nxe4 17. Bxe4 Bf6 18. d5 exd5 19. Bxd5 Qe7 20. Qa2 Nxb4
21. axb4 Rxc1 22. Bxc1 Qe6 23. Bb2 Bxb2 24. Qxb2 Rxd5 25. Re1 Qd7 26. Qe2 h6
27. h3 Rd6 28. Qe8+ Qxe8 29. Rxe8+ Kh7 30. Ne5 Rd1+ 31. Kh2 Re1 32. Rb8 Rxe5
33. Rxb7 Re4 34. Ra7 Rxb4 35. Rxa6 Rb1 36. Kg3 f6 37. h4 Kg6 38. Ra5 h5 39. Kf4
Rb4+ 40. Kf3 Kf5 41. g3 Rb1 42. Ra7 g5 43. hxg5 Rb3+ 44. Kg2 fxg5 45. Rf7+ Kg6
46. Rb7 Rb4 47. Rb8 h4 48. gxh4 gxh4 49. Kh3 Kf5 50. Rf8+ Ke5 51. Re8+ Kd4 52.
Kxh4 1/2-1/2

[Event "DVM U20 2003"]
[Site "Ditzingen GER"]
[Date "2003.12.29"]
[Round "6"]
[White "Krege, Sandra"]
[Black "Pilgram, Alexander"]
[Result "0-1"]
[Termination "normal"]
[Board "3.4"]
[WhiteElo "1916"]
[BlackElo "1785"]
[WhiteTeam "SF Hettstedt"]
[BlackTeam "SG Porz"]
[PlyCount "86"]
[WhiteFideId "4680910"]
[EventCountry "GER"]
[EventRounds "7"]
[EventType "team-swiss"]
[EventDate "2003.12.26"]

1. e4 e6 2. d4 d5 3. Nc3 dxe4 4. Nxe4 Nd7 5. c3 Ngf6 6. Nxf6+ Nxf6 7. Bd3 Be7
8. Nf3 O-O 9. O-O c5 10. Qe2 h6 11. Rd1 Qc7 12. h3 b6 13. Ne5 Bb7 14. Bf4 Qc8
15. Rac1 Nd5 16. Bd2 Nf6 17. Re1 Qd8 18. Qe3 Qd5 19. f3 Qd8 20. Bc4 Bd5 21.
Bxd5 Qxd5 22. b3 Rfd8 23. Rcd1 cxd4 24. cxd4 Qxd4 25. Nc6 Qxe3+ 26. Bxe3 Re8
27. Bf4 Bc5+ 28. Kh1 Nd5 29. Be5 Rec8 30. Nd4 Bb4 31. Rg1 Nc3 32. Ra1 f6 33.
Bg3 e5 34. Nc2 Be7 35. Rge1 Rd8 36. Ne3 Rd2 37. Rac1 Ne2 38. Rc7 Bd6 39. Rxe2
Rxe2 40. Rd7 Rxe3 41. Rxd6 Re2 42. f4 exf4 43. Bxf4 Rxa2 0-1

[Event "DVM U20 2003"]
[Site "Ditzingen GER"]
[Date "2003.12.29"]
[Round "6"]
[White "Karmann, Alexander"]
[Black "Nichelmann, Nils"]
[Result "0-1"]
[Termination "normal"]
[Board "3.5"]
[WhiteElo "1774"]
[BlackElo "2028"]
[WhiteTeam "SG Porz"]
[BlackTeam "SF Hettstedt"]
[PlyCount "58"]
[WhiteFideId "24629863"]
[BlackFideId "4687256"]
[EventCountry "GER"]
[EventRounds "7"]
[EventType "team-swiss"]
[EventDate "2003.12.26"]

1. e4 c5 2. Nf3 Nc6 3. d4 cxd4 4. Nxd4 Nf6 5. Nc3 e6 6. a3 Qb6 7. Nxc6 bxc6 8.
e5 Nd5 9. Nxd5 cxd5 10. Bd3 Ba6 11. O-O Bxd3 12. Qxd3 d6 13. exd6 Bxd6 14. b4
Be5 15. Rb1 O-O 16. Bb2 Bxb2 17. Rxb2 Rfc8 18. Rc1 Rc4 19. Rb3 Rac8 20. Qd2 Qc6
21. Rb2 Rc3 22. Ra2 Qa4 23. g3 R8c4 24. Kg2 h6 25. h4 Rxa3 26. Rxa3 Qxa3 27. c3
d4 28. Rc2 Rxc3 29. Ra2 Qxb4 0-1

[Event "DVM U20 2003"]
[Site "Ditzingen GER"]
[Date "2003.12.29"]
[Round "6"]
[White "Kunth, Andreas"]
[Black "Rudnik, Kirill"]
[Result "0-1"]
[Termination "normal"]
[Board "3.6"]
[WhiteElo "1903"]
[BlackElo "1762"]
[WhiteTeam "SF Hettstedt"]
[BlackTeam "SG Porz"]
[PlyCount "86"]
[EventCountry "GER"]
[EventRounds "7"]
[EventType "team-swiss"]
[EventDate "2003.12.26"]

1. e4 e5 2. Nf3 Nc6 3. d4 exd4 4. Nxd4 Bc5 5. Nxc6 bxc6 6. Bd3 Ne7 7. O-O O-O
8. Nc3 Ng6 9. Kh1 Bb7 10. f4 d5 11. Rf3 Nh4 12. Rh3 Bc8 13. f5 dxe4 14. Nxe4
Be7 15. Qh5 Bxf5 16. Bg5 Bxg5 17. Nxg5 h6 18. Bxf5 Nxf5 19. Ne4 Nd6 20. Nf2 Qf6
21. Nd3 Rfe8 22. Rf3 Qg5 23. Qh3 Re4 24. Rd1 Rae8 25. Rdf1 Qe7 26. Qg3 Qh4 27.
Qxh4 Rxh4 28. Kg1 Rhe4 29. R1f2 Re2 30. Kf1 Rxf2+ 31. Nxf2 Nc4 32. Nd1 Nd2+ 33.
Kf2 Nxf3 34. gxf3 Rd8 35. Ke2 f6 36. Nc3 Kf7 37. Na4 Rd4 38. b3 Rh4 39. Nc5
Rxh2+ 40. Kd3 Ke7 41. Ne4 f5 42. Nd2 Rxd2+ 43. Kxd2 h5 0-1

[Event "DVM U20 2003"]
[Site "Ditzingen GER"]
[Date "2003.12.29"]
[Round "6"]
[White "Klinger, Sebastian"]
[Black "Serbu, Eli"]
[Result "1/2-1/2"]
[Termination "normal"]
[Board "4.1"]
[WhiteElo "2146"]
[BlackElo "2144"]
[WhiteTeam "TuS Geretsried"]
[BlackTeam "SV SF Aachen-Hörn"]
[PlyCount "69"]
[WhiteFideId "4667549"]
[BlackFideId "4690990"]
[EventCountry "GER"]
[EventRounds "7"]
[EventType "team-swiss"]
[EventDate "2003.12.26"]

1. d4 Nf6 2. Nf3 g6 3. Bf4 Bg7 4. Nbd2 d5 5. e3 O-O 6. Bd3 c5 7. c3 Nc6 8. O-O
cxd4 9. exd4 h6 10. Re1 Nh5 11. Be5 Nxe5 12. Nxe5 Nf4 13. Bc2 Qb6 14. Rb1 Qf6
15. Qf3 b6 16. Kh1 Qg5 17. Qg3 Ba6 18. Qxg5 hxg5 19. Ndf3 Rac8 20. g3 Ne6 21.
Kg2 Nd8 22. Nxg5 Bxe5 23. dxe5 d4 24. Be4 dxc3 25. bxc3 Rxc3 26. Rec1 Rc4 27.
Bd5 Ra4 28. Rc7 Ra5 29. Bf3 e6 30. h4 Rxa2 31. Ne4 Kg7 32. Rh1 Ra5 33. h5 Rh8
34. Rd7 gxh5 35. Nf6 1/2-1/2

[Event "DVM U20 2003"]
[Site "Ditzingen GER"]
[Date "2003.12.29"]
[Round "6"]
[White "Fadavian, Marius"]
[Black "Motl, Martin"]
[Result "0-1"]
[Termination "normal"]
[Board "4.2"]
[WhiteElo "2042"]
[BlackElo "2160"]
[WhiteTeam "SV SF Aachen-Hörn"]
[BlackTeam "TuS Geretsried"]
[PlyCount "44"]
[WhiteFideId "4686519"]
[BlackFideId "4667522"]
[EventCountry "GER"]
[EventRounds "7"]
[EventType "team-swiss"]
[EventDate "2003.12.26"]

1. d4 d5 2. Nf3 Nf6 3. Bg5 Ne4 4. Bf4 c5 5. e3 Qb6 6. Qc1 Nc6 7. c3 Bf5 8. Nbd2
e6 9. Be2 Be7 10. O-O Rc8 11. Nb3 c4 12. Nbd2 g5 13. Be5 f6 14. Bg3 h5 15. h4
Nxg3 16. fxg3 Qc7 17. Kh2 Bd6 18. Qe1 Ke7 19. e4 dxe4 20. Nxe4 Bxe4 21. Bxc4
Bf5 22. d5 Ne5 0-1

[Event "DVM U20 2003"]
[Site "Ditzingen GER"]
[Date "2003.12.29"]
[Round "6"]
[White "Herzog, Matthias"]
[Black "Probst, Patrick"]
[Result "1-0"]
[Termination "normal"]
[Board "4.3"]
[WhiteElo "1962"]
[BlackElo "1826"]
[WhiteTeam "TuS Geretsried"]
[BlackTeam "SV SF Aachen-Hörn"]
[PlyCount "97"]
[WhiteFideId "4698541"]
[EventCountry "GER"]
[EventRounds "7"]
[EventType "team-swiss"]
[EventDate "2003.12.26"]

1. e4 e6 2. d4 d5 3. Nd2 Nf6 4. e5 Nfd7 5. Bd3 c5 6. c3 Nc6 7. Ne2 Qb6 8. Nf3
f6 9. exf6 Nxf6 10. O-O Bd6 11. Be3 c4 12. Bc2 Qxb2 13. Ng5 O-O 14. Qd2 Qb6 15.
Nf4 Nd8 16. Rfe1 Qc7 17. h4 Bd7 18. a4 Rb8 19. Ne2 h6 20. Nf3 Nf7 21. Bf4 Ne4
22. Bxd6 Nfxd6 23. Qc1 b6 24. Rf1 Be8 25. Ne5 a6 26. f3 Nf6 27. Nf4 Bf7 28. Re1
Rbe8 29. Nxf7 Qxf7 30. Bg6 Qd7 31. Bxe8 Rxe8 32. Qb1 b5 33. axb5 Nxb5 34. Qb4
Qe7 35. Qxe7 Rxe7 36. Rxa6 Nxc3 37. Raxe6 Rxe6 38. Rxe6 Nb5 39. Ne2 Kf7 40. Rb6
Nc7 41. Rb7 Nfe8 42. Nc3 Ke6 43. Kf2 Kd6 44. Rb6+ Kd7 45. Ke3 Nd6 46. g4 h5 47.
Rb8 hxg4 48. fxg4 Nc8 49. h5 1-0

[Event "DVM U20 2003"]
[Site "Ditzingen GER"]
[Date "2003.12.29"]
[Round "6"]
[White "Jürgens, Florian"]
[Black "Klinger, Stefan"]
[Result "0-1"]
[Termination "normal"]
[Board "4.4"]
[WhiteElo "1743"]
[BlackElo "1699"]
[WhiteTeam "SV SF Aachen-Hörn"]
[BlackTeam "TuS Geretsried"]
[PlyCount "88"]
[EventCountry "GER"]
[EventRounds "7"]
[EventType "team-swiss"]
[EventDate "2003.12.26"]

1. e4 e6 2. d4 d5 3. Nd2 Nf6 4. e5 Nfd7 5. Qg4 c5 6. c3 Nc6 7. Bd3 f5 8. Qf4 g5
9. Qe3 h5 10. Ne2 Bh6 11. f3 b6 12. Qf2 cxd4 13. cxd4 Nb4 14. Bb1 Ba6 15. a3
Nd3+ 16. Bxd3 Bxd3 17. h4 gxh4 18. f4 Nf8 19. Rh3 Bxe2 20. Qxe2 Bxf4 21. Ne4
dxe4 22. Qb5+ Qd7 23. Qxd7+ Kxd7 24. Bxf4 Ng6 25. Bg5 Rhg8 26. b3 Nxe5 27. dxe5
Rxg5 28. Rxh4 Rxg2 29. Rd1+ Ke7 30. Rxh5 Rag8 31. Rh7+ R8g7 32. Rxg7+ Rxg7 33.
Kf2 f4 34. Rd4 e3+ 35. Kf3 Rf7 36. Rd1 Rf5 37. b4 Rxe5 38. Kxf4 e2 39. Re1 Kd6
40. Kf3 Kd5 41. Kf4 Kd4 42. a4 Rf5+ 43. Kg4 Ke3 44. Ra1 Kf2 0-1

[Event "DVM U20 2003"]
[Site "Ditzingen GER"]
[Date "2003.12.29"]
[Round "6"]
[White "Klinger, Severin"]
[Black "Delpy, Rene"]
[Result "1/2-1/2"]
[Termination "normal"]
[Board "4.5"]
[WhiteElo "1530"]
[BlackElo "1508"]
[WhiteTeam "TuS Geretsried"]
[BlackTeam "SV SF Aachen-Hörn"]
[PlyCount "35"]
[EventCountry "GER"]
[EventRounds "7"]
[EventType "team-swiss"]
[EventDate "2003.12.26"]

1. d4 d5 2. Nf3 e6 3. Bf4 Nf6 4. Nbd2 c5 5. e3 Nc6 6. c3 a6 7. Bd3 h6 8. O-O c4
9. Bc2 g6 10. e4 Bg7 11. Re1 O-O 12. exd5 Nxd5 13. Bg3 b5 14. Ne5 Bb7 15. a3
Nce7 16. Ne4 Bc6 17. Nc5 Qc8 18. Qd2 1/2-1/2

[Event "DVM U20 2003"]
[Site "Ditzingen GER"]
[Date "2003.12.29"]
[Round "6"]
[White "Elgourt, Maja"]
[Black "Vintan, Cristina-Mihaela"]
[Result "1/2-1/2"]
[Termination "normal"]
[Board "4.6"]
[WhiteElo "1486"]
[BlackElo "1435"]
[WhiteTeam "SV SF Aachen-Hörn"]
[BlackTeam "TuS Geretsried"]
[PlyCount "67"]
[EventCountry "GER"]
[EventRounds "7"]
[EventType "team-swiss"]
[EventDate "2003.12.26"]

1. d4 d5 2. c4 e6 3. Nf3 Nf6 4. cxd5 exd5 5. e3 Bd6 6. Bd3 O-O 7. O-O Re8 8.
Qc2 Qe7 9. Nbd2 Ne4 10. a3 Nd7 11. b4 Ndf6 12. h3 Bd7 13. Re1 Rac8 14. Nf1 c6
15. N3d2 Nxd2 16. Bxd2 Ne4 17. Bc1 Qg5 18. f4 Qg6 19. Kh2 Be7 20. Bxe4 dxe4 21.
g3 h5 22. Qg2 Qe6 23. Nd2 f5 24. h4 Bf6 25. Bb2 Bd8 26. Rac1 a5 27. bxa5 Bxa5
28. Red1 b6 29. Qe2 Bxd2 30. Qxd2 Qd5 31. Qe2 g6 32. Bc3 Be6 33. Bb4 Qd7 34.
Rb1 1/2-1/2

[Event "DVM U20 2003"]
[Site "Ditzingen GER"]
[Date "2003.12.29"]
[Round "6"]
[White "Kühner, Christian"]
[Black "Koch, Moritz"]
[Result "0-1"]
[Termination "normal"]
[Board "5.1"]
[WhiteElo "2174"]
[BlackElo "2230"]
[WhiteTeam "ASC Theresianum Mainz"]
[BlackTeam "SV Puschendorf"]
[PlyCount "100"]
[WhiteFideId "4679440"]
[BlackFideId "4678460"]
[EventCountry "GER"]
[EventRounds "7"]
[EventType "team-swiss"]
[EventDate "2003.12.26"]

1. c4 c5 2. Nc3 b6 3. Nf3 Bb7 4. e4 d6 5. d4 cxd4 6. Nxd4 Nf6 7. Bd3 e6 8. O-O
a6 9. Qe2 Nbd7 10. f4 Qc7 11. Nb3 Be7 12. Be3 O-O 13. Bf2 Rfe8 14. Rae1 g6 15.
Nd2 Rac8 16. Nf3 Bf8 17. Rc1 Qb8 18. b3 Bh6 19. Be3 Nc5 20. Bd2 Nxd3 21. Qxd3
Rcd8 22. Qe2 Qa8 23. Rfe1 d5 24. cxd5 exd5 25. e5 d4 26. Na4 Nd5 27. f5 Nf4 28.
Bxf4 Bxf4 29. Rcd1 Be3+ 30. Kh1 b5 31. Nc5 Bxf3 32. Qxf3 Rxe5 33. Qxa8 Rxa8 34.
b4 Rxf5 35. Re2 a5 36. g4 Rf4 37. h3 axb4 38. Nd3 Re4 39. Nxb4 Kg7 40. Kg2 f5
41. gxf5 gxf5 42. Rc2 Ra4 43. Nd5 Kg6 44. Rb1 Rc4 45. Rcb2 d3 46. Rxb5 Rc2+ 47.
Kf3 Rf2+ 48. Kg3 Bd4 49. Rb7 d2 50. Rd7 h5 0-1

[Event "DVM U20 2003"]
[Site "Ditzingen GER"]
[Date "2003.12.29"]
[Round "6"]
[White "Lauer, Moritz"]
[Black "Weichhold, Carsten"]
[Result "1/2-1/2"]
[Termination "normal"]
[Board "5.2"]
[WhiteElo "2191"]
[BlackElo "2013"]
[WhiteTeam "SV Puschendorf"]
[BlackTeam "ASC Theresianum Mainz"]
[PlyCount "60"]
[WhiteFideId "4678354"]
[EventCountry "GER"]
[EventRounds "7"]
[EventType "team-swiss"]
[EventDate "2003.12.26"]

1. e4 c5 2. c3 Nf6 3. e5 Nd5 4. d4 e6 5. Nf3 Nc6 6. c4 Nb6 7. d5 Nd4 8. Nxd4
cxd4 9. d6 f6 10. Bd3 g6 11. Qg4 Bg7 12. h4 O-O 13. h5 fxe5 14. hxg6 Qf6 15. f3
e4 16. fxe4 Na4 17. gxh7+ Kh8 18. Rf1 Qd8 19. Qh5 b6 20. Rf3 Nc5 21. Ke2 Bb7
22. Nd2 Qb8 23. b3 Qxd6 24. Ba3 a5 25. Raf1 Rxf3 26. Rxf3 Rf8 27. Bxc5 bxc5 28.
Qg6 Qe7 29. Rxf8+ Qxf8 30. Nf3 Qf4 1/2-1/2

[Event "DVM U20 2003"]
[Site "Ditzingen GER"]
[Date "2003.12.29"]
[Round "6"]
[White "Resa, Tobias"]
[Black "Lowitz, Torsten"]
[Result "1/2-1/2"]
[Termination "normal"]
[Board "5.3"]
[WhiteElo "1915"]
[BlackElo "2134"]
[WhiteTeam "ASC Theresianum Mainz"]
[BlackTeam "SV Puschendorf"]
[PlyCount "82"]
[BlackFideId "4681924"]
[EventCountry "GER"]
[EventRounds "7"]
[EventType "team-swiss"]
[EventDate "2003.12.26"]

1. e4 c5 2. Nc3 Nc6 3. Nf3 d6 4. d4 cxd4 5. Nxd4 Nxd4 6. Qxd4 Nf6 7. Bg5 e5 8.
Qa4+ Bd7 9. Bb5 Be7 10. Bxf6 gxf6 11. Nd5 Rc8 12. g4 Bxb5 13. Qxb5+ Qd7 14.
Qxd7+ Kxd7 15. Kd2 h5 16. h3 Rh7 17. c3 Rch8 18. Rhg1 hxg4 19. hxg4 Rg8 20. Ke2
Bd8 21. Rg2 Ke6 22. Rd1 Rh4 23. Ne3 Bc7 24. Nd5 Bb6 25. Nxb6 axb6 26. f3 Rgh8
27. Ke3 Rh2 28. Rxh2 Rxh2 29. Rd2 Rh1 30. Rd5 Kd7 31. Kd2 Rh2+ 32. Kc1 Rf2 33.
Rd3 Kc6 34. Kb1 Kc5 35. a3 Kc6 36. Ka2 Kc5 37. a4 Kc6 38. c4 Kc5 39. Kb3 Rf1
40. Kc3 Rc1+ 41. Kb3 Rf1 1/2-1/2

[Event "DVM U20 2003"]
[Site "Ditzingen GER"]
[Date "2003.12.29"]
[Round "6"]
[White "Moyles-Johnson, Yannick"]
[Black "Schilling, Christian"]
[Result "1-0"]
[Termination "normal"]
[Board "5.4"]
[WhiteElo "1587"]
[BlackElo "1649"]
[WhiteTeam "SV Puschendorf"]
[BlackTeam "ASC Theresianum Mainz"]
[PlyCount "132"]
[EventCountry "GER"]
[EventRounds "7"]
[EventType "team-swiss"]
[EventDate "2003.12.26"]

1. Nf3 d5 2. d4 Nf6 3. c4 dxc4 4. Nc3 e6 5. Bg5 Be7 6. e3 O-O 7. Bxc4 Nbd7 8.
O-O h6 9. Bh4 a6 10. Rc1 c5 11. d5 exd5 12. Nxd5 Nxd5 13. Bxd5 Nf6 14. Bb3 b5
15. Qxd8 Rxd8 16. Rfd1 Bb7 17. Bc2 Nd5 18. Bg3 Nb4 19. Bb1 Bd5 20. a3 Na2 21.
Bxa2 Bxa2 22. Bc7 Rdc8 23. Rd7 Bf6 24. Be5 Be6 25. Rd2 Be7 26. Bd6 Kf8 27.
Bxe7+ Kxe7 28. Kf1 f6 29. Ke1 Bg4 30. Ke2 Rc7 31. h3 Be6 32. Ke1 Raa7 33. Ke2
Bc4+ 34. Ke1 Rd7 35. Rxd7+ Rxd7 36. Nd2 Kd6 37. Nxc4+ bxc4 38. Rd1+ Kc6 39.
Rxd7 Kxd7 40. Kd2 Kc6 41. Kc3 Kd5 42. f3 f5 43. g4 g6 44. gxf5 gxf5 45. a4 h5
46. h4 a5 47. b3 cxb3 48. Kxb3 c4+ 49. Kc3 Kc5 50. e4 f4 51. e5 Kd5 52. e6 Kxe6
53. Kxc4 Ke5 54. Kc5 Ke6 55. Kd4 Kf5 56. Kd5 Kf6 57. Ke4 Ke6 58. Kxf4 Kf6 59.
Ke4 Ke6 60. f4 Kf6 61. f5 Ke7 62. Ke5 Kf7 63. f6 Kf8 64. Ke6 Ke8 65. Kf5 Kf7
66. Kg5 Ke6 1-0

[Event "DVM U20 2003"]
[Site "Ditzingen GER"]
[Date "2003.12.29"]
[Round "6"]
[White "Katte, Nicolas"]
[Black "Lingl, Xenia"]
[Result "1-0"]
[Termination "normal"]
[Board "5.5"]
[WhiteElo "1655"]
[BlackElo "1144"]
[WhiteTeam "ASC Theresianum Mainz"]
[BlackTeam "SV Puschendorf"]
[PlyCount "59"]
[WhiteFideId "24614149"]
[EventCountry "GER"]
[EventRounds "7"]
[EventType "team-swiss"]
[EventDate "2003.12.26"]

1. e4 e5 2. Nf3 Nc6 3. d4 exd4 4. Nxd4 Bc5 5. Nb3 Bb6 6. Nc3 Nf6 7. Bb5 d6 8.
O-O O-O 9. Bg5 a6 10. Bxc6 bxc6 11. Qf3 Be6 12. e5 dxe5 13. Ne4 Bd5 14. Bxf6
gxf6 15. Nxf6+ Kh8 16. Qf5 Be4 17. Nxe4 Rg8 18. Qxe5+ Rg7 19. Rad1 Qg8 20. g3
Re8 21. Qf6 Re6 22. Rd8 Re8 23. Rfd1 Qf8 24. Rxe8 Qxe8 25. Rd8 Qxd8 26. Qxd8+
Rg8 27. Qf6+ Rg7 28. Ng5 a5 29. Nxf7+ Kg8 30. Nh6+ 1-0

[Event "DVM U20 2003"]
[Site "Ditzingen GER"]
[Date "2003.12.29"]
[Round "6"]
[White "Kittler, Alexander"]
[Black "Pötzsch, Barnim"]
[Result "0-1"]
[Termination "normal"]
[Board "5.6"]
[WhiteElo "972"]
[BlackElo "1467"]
[WhiteTeam "SV Puschendorf"]
[BlackTeam "ASC Theresianum Mainz"]
[PlyCount "48"]
[WhiteFideId "24669954"]
[EventCountry "GER"]
[EventRounds "7"]
[EventType "team-swiss"]
[EventDate "2003.12.26"]

1. e4 e5 2. Nf3 Nc6 3. Bb5 a6 4. Ba4 Nf6 5. Nc3 b5 6. Bb3 Na5 7. O-O Nxb3 8.
axb3 d6 9. h3 Bb7 10. d3 Be7 11. Bg5 h6 12. Bh4 O-O 13. Re1 Nh7 14. Bxe7 Qxe7
15. Qd2 f5 16. Rad1 f4 17. d4 Ng5 18. Qe2 b4 19. Nxg5 Qxg5 20. Qc4+ Rf7 21.
Qxb4 Bc8 22. Kh1 Qh5 23. Kh2 f3 24. Kg1 Bxh3 0-1

[Event "DVM U20 2003"]
[Site "Ditzingen GER"]
[Date "2003.12.29"]
[Round "6"]
[White "Litwak, Aleksej"]
[Black "Buckan, Jens"]
[Result "0-1"]
[Termination "normal"]
[Board "6.1"]
[WhiteElo "2167"]
[BlackElo "2107"]
[WhiteTeam "SF Berghofen-Wambel"]
[BlackTeam "SV Empor Erfurt"]
[PlyCount "70"]
[WhiteFideId "4677617"]
[BlackFideId "4684508"]
[EventCountry "GER"]
[EventRounds "7"]
[EventType "team-swiss"]
[EventDate "2003.12.26"]

1. e4 c5 2. Nf3 d6 3. Bb5+ Bd7 4. Bxd7+ Qxd7 5. c4 Nc6 6. d4 cxd4 7. Nxd4 g6 8.
O-O Bg7 9. Be3 Nf6 10. f3 O-O 11. Nc3 Rac8 12. b3 Ne8 13. Rc1 Nc7 14. Nxc6 bxc6
15. Bxa7 Bxc3 16. Rxc3 Ra8 17. Bd4 Rxa2 18. Rc2 Ra3 19. Rd2 Rb8 20. Rd3 Ne6 21.
Bb2 Qa7+ 22. Kh1 Ra2 23. Qb1 Ra8 24. f4 Qa5 25. f5 Nc5 26. fxg6 fxg6 27. Rdf3
Qd2 28. R3f2 Qd3 29. Qc1 Nxe4 30. Rf7 Nf6 31. Bxf6 Kxf7 32. Bxe7+ Kxe7 33. Qg5+
Ke8 34. Rf8+ Kxf8 35. Qf6+ Ke8 0-1